KOHA-Header-6

Scientific and Technical Reports (How To Write and Illustrate) (Record no. 164)

000 -LEADER
fixed length control field 00342nam a2200121Ia 4500
008 - FIXED-LENGTH DATA ELEMENTS--GENERAL INFORMATION
fixed length control field 190722s9999 xx 000 0 und d
020 ## - INTERNATIONAL STANDARD BOOK NUMBER
International Standard Book Number 978-81-8487-355-9
100 ## - MAIN ENTRY--PERSONAL NAME
Personal name B. C. Sharma
245 #0 - TITLE STATEMENT
Title Scientific and Technical Reports (How To Write and Illustrate)
260 ## - PUBLICATION, DISTRIBUTION, ETC. (IMPRINT)
Place of publication, distribution, etc New Delhi
Name of publisher, distributor, etc Narosa Publishing House
Date of publication, distribution, etc 2014
300 ## - PHYSICAL DESCRIPTION
Extent 163
942 ## - ADDED ENTRY ELEMENTS (KOHA)
Koha item type Books
Holdings
Withdrawn status Lost status Damaged status Not for loan Collection code Permanent Location Current Location Shelving location Date acquired Full call number Barcode Date last seen Price effective from Koha item type
          MAJU MAJU   2019-07-22 808.023 6790 2019-07-22 2019-07-22 Accounting

Powered by Koha